MANAGER S GUIDE TO THE SARBANES OXLEY AC (Record no. 11228)

MARC details
000 -LEADER
fixed length control field 00335nam a2200133Ia 4500
008 - FIXED-LENGTH DATA ELEMENTS--GENERAL INFORMATION
fixed length control field 240624s9999 xx 000 0 und d
041 ## - LANGUAGE CODE
Language code of text/sound track or separate title eng
082 ## - DEWEY DECIMAL CLASSIFICATION NUMBER
Classification number 658.473 GRE
100 ## - MAIN ENTRY--PERSONAL NAME
Personal name GREEN SCOTT
245 ## - TITLE STATEMENT
Title MANAGER S GUIDE TO THE SARBANES OXLEY AC
260 ## - PUBLICATION, DISTRIBUTION, ETC.
Date of publication, distribution, etc. 2004
Place of publication, distribution, etc. Wiley and Sons, Inc.,2004
300 ## - PHYSICAL DESCRIPTION
Extent 256 : p.
365 ## - TRADE PRICE
Currency code
Price amount 30
Holdings
Withdrawn status Lost status Damaged status Not for loan Home library Current library Shelving location Date acquired Source of acquisition Cost, normal purchase price Total Holds Full call number Barcode Date last seen Copy number Price effective from Koha item type
        IMTN IMTN Rack 33-A 10/15/2008 BWE 49.95 4875 658.473 GRE 11228 06/24/2024 48 06/24/2024 Books
Designed & Maintained by: LRC IMT Nagpur Contact: lrc@imtnag.ac.in© 2024. All Rights Reserved.